000 01766nam a2200301 i 4500
001 21279
003 ES-MaACL
005 20250703063056.0
007 t|
008 021122s1985 sp ||||1| spa d
020 _a8433912712
040 _cES-MaACL
100 1 _aAdams, Douglas,
_9241149
_d1952-2001
_eaut
245 1 3 _aLa vida, el universo y todo lo demás /
_cDouglas Adams ; traducción de Benito Gómez Ibáñez.
260 _aBarcelona :
_bAnagrama,
_c[1985]
300 _a187 páginas ;
_c20 cm.
490 1 _aContraseñas ;
_v71
490 1 _aGuía del autoestopista galáctico ;
_p3
520 _aEn La vida, el universo y todo lo demás prosiguen las cósmicas y cómicas aventuras iniciadas en la Guía del autoestopista galáctico y El restaurante del fin del mundo, la universalmente aclamada «trilogía en cinco partes», cuyos volúmenes (no nos cansaremos de repetirlo) pueden leerse de forma independiente, que se completa con Hasta luego, y gracias por el pescado e Informe sobre la Tierra: fundamentalmente inofensiva. En este libro encontramos a intrépidos y conocidos personajes: Arthur Dent, el único humano que sobrevivió a la demolición de la Tierra; Marvin, el androide paranoide, el más depresivo robot de la historia de la literatura; Zaphod Beeblebrox, antiguo Presidente de la Galaxia y un tipo muy presentable, a quien le ocurre que tiene dos cabezas. Y así.
655 7 _2tgfbne
_9176428
_aNovelas de humor
700 0 _aGómez Ibáñez, Benito
_957986
_etrl
830 0 _aContraseñas ;
_v71
_9179727
830 0 0 _aGuía del autoestopista galáctico ;
_v3
_9241148
852 _aES-MaACL
_jL-8862
_bR.110447
942 _cMONOGRAFIA
_n0
999 _c21279
_d21279